| 000 | 01426nam a2200253Ia 4500 | ||
|---|---|---|---|
| 003 | Ost | ||
| 005 | 20260507075749.0 | ||
| 008 | 260507s9999||||xx |||||||||||||| ||und|| | ||
| 020 | _a9789931140566 | ||
| 040 | _cfsecg | ||
| 041 | _aara | ||
| 082 | _a301.11 | ||
| 100 |
_aقاشي، خالد _eمؤلف |
||
| 245 | 0 |
_aالمسؤولية الاجتماعية لمنظمات الأعمال : _bمقاربة لتحقيق الميزة التنافسية / _c خالد قاشي |
|
| 246 | _aCorporate Social Responsibility | ||
| 260 |
_aالجزائر : _bدار أجيال الرقمي , _c2023 |
||
| 300 |
_a268 صفحة؛ _bإيضاحات ؛ _c24 سم |
||
| 520 | _aيتناول الكتاب التأصيل النظري للمسؤولية الاجتماعية للمؤسسات بما فيها المفهوم والتطور التاريخي والأهمية، الميزة التنافسية تحدي المؤسسات المعاصرة و تحليل تأثير أبعاد المسؤولية الاجتماعية للمؤسسات على تحقيق الميزة التنافسية مع ذكر نماذج عن مؤسسات عالمية تطبق المسؤولية الاجتماعية. | ||
| 653 | _aإدارة الأعمال | ||
| 653 | _aالاستراتيجية التنافسية | ||
| 653 | _aالمسؤولية الاجتماعية | ||
| 700 |
_aأحمد، بوديسة _eمؤلف ثانوي |
||
| 942 | _cكتاب | ||
| 999 |
_c46215 _d46215 |
||